书目信息 |
| 题名: |
不是孩子的错
|
|
| 作者: | 叶小平 , 萧芸 著 | |
| 分册: | ||
| 出版信息: | 北京 国家行政学院出版社 2006.01 |
|
| 页数: | 212页 | |
| 开本: | 23cm | |
| 丛书名: | ||
| 单 册: | ||
| 中图分类: | G78 | |
| 科图分类: | ||
| 主题词: | 青少年教育--qing shao nian jiao yu--家庭教育--研究--中国 | |
| 电子资源: | ||
| ISBN: | 7-80140-450-5 | |
| 000 | 00899nam0 2200241 450 | |
| 001 | 012007496795 | |
| 005 | 20070927093625.28 | |
| 010 | @a7-80140-450-5@dCNY25.00 | |
| 100 | @a20070724d2006 km y0chiy0120 ea | |
| 101 | 0 | @achi |
| 102 | @aCN@b110000 | |
| 105 | @ay z 000yy | |
| 200 | 1 | @a不是孩子的错@Abu shi hai zi de cuo@e为中国少年成长辩护@f叶小平, 萧芸著@Fye xiao ping,xiao yun zhu |
| 210 | @a北京@c国家行政学院出版社@d2006.01 | |
| 215 | @a212页@d23cm | |
| 330 | @a本书以新闻热线为切入点,用真实感人的故事为说理载体,以透彻严谨的剖析证其要害,虔诚的为中国的少年成长辩护,帮助家长们正确的教育子女。 | |
| 517 | 1 | @a为中国少年成长辩护@Awei zhong guo shao nian cheng zhang bian hu |
| 606 | 0 | @a青少年教育@Aqing shao nian jiao yu@x家庭教育@x研究@y中国 |
| 690 | @aG78@v4 | |
| 701 | 0 | @a叶小平@Aye xiao ping@4著 |
| 701 | 0 | @a萧芸@Axiao yun@4著 |
| 801 | 0 | @aCN@c20070927 |
| 905 | @dG78@eY460 | |
| 不是孩子的错:为中国少年成长辩护/叶小平, 萧芸著.-北京:国家行政学院出版社,2006.01 |
| 212页;23cm |
| ISBN 7-80140-450-5:CNY25.00 |
| 本书以新闻热线为切入点,用真实感人的故事为说理载体,以透彻严谨的剖析证其要害,虔诚的为中国的少年成长辩护,帮助家长们正确的教育子女。 |
| ● |
| 相关链接 |
|
|
|
正题名:不是孩子的错
索取号:G78/Y460
 
预约/预借
| 序号 | 登录号 | 条形码 | 馆藏地/架位号 | 状态 | 备注 |
| 1 | 247006 | 202470067 | 社科库409/409社科库 17排4列5层/ [索取号:G78/Y460] | 在馆 | |
| 2 | 247007 | 202470076 | 社科库409/409社科库 17排4列5层/ [索取号:G78/Y460] | 在馆 |